| 000 | 006710000a22001810004500 | ||
|---|---|---|---|
| 003 | MACL | ||
| 005 | 20160329141854.0 | ||
| 008 | 160329b xxu||||| |||| 00| 0 eng d | ||
| 040 |
_aMACL _cMACL |
||
| 041 | _aHindi | ||
| 082 | _a294 | ||
| 100 |
_aडॉ जितेन्द्र कुमार _948633 |
||
| 245 |
_aकुन्दकुन्द का पत्रचास्तिकाय _bजैन चिन्तन में परम्परा और प्रयोग |
||
| 260 |
_bयश पब्लिकेशन्स _c2005 _aदिल्ली |
||
| 350 | _a495 | ||
| 650 |
_aReligion _948634 |
||
| 942 |
_cHIN _k294/KUM _2ddc |
||
| 999 |
_c41160 _d41160 |
||